Countries Most Similar To Iraq - Statistics

General Stats
  • This quiz has been taken 86 times
  • The average score is 16 of 20
Answer Stats
Rank Country Score % Correct
10 Iran 72.1
99%
7 Saudi Arabia 73
91%
2 Syria 79.1
91%
12 Oman 71.6
88%
6 Yemen 73.2
88%
3 Egypt 78.6
85%
1 Jordan 79.2
85%
9 Kuwait 72.4
82%
13 Lebanon 70.1
81%
18 Qatar 67.9
81%
15 Bahrain 69.2
80%
4 Algeria 75.8
77%
14 Morocco 69.7
77%
17 UAE 68.2
76%
5 Libya 74.2
74%
11 Tunisia 71.7
68%
8 Palestine 72.9
64%
19 Sudan 67.7
64%
20 Pakistan 66.4
62%
16 Mauritania 68.9
46%
No matching quizzes found
Score Distribution
Percent of People with Each Score
Percentile by Number Answered
Your Score History
You have not taken this quiz